<?xml version="1.0" encoding="UTF-8"?>
<record
    xmlns:xsi="http://www.w3.org/2001/XMLSchema-instance"
    xsi:schemaLocation="http://www.loc.gov/MARC21/slim http://www.loc.gov/standards/marcxml/schema/MARC21slim.xsd"
    xmlns="http://www.loc.gov/MARC21/slim">

  <leader>01011nam a22002297a 4500</leader>
  <controlfield tag="005">20170620133026.0</controlfield>
  <controlfield tag="008">170620b        mx ||||| |||| 00| 0 spa d</controlfield>
  <datafield tag="020" ind1=" " ind2=" ">
    <subfield code="a">9789681213541</subfield>
  </datafield>
  <datafield tag="050" ind1="0" ind2="4">
    <subfield code="a">BV2185 </subfield>
    <subfield code="b">O73 2008</subfield>
  </datafield>
  <datafield tag="245" ind1="0" ind2="0">
    <subfield code="a">Ordenes religiosas entre Am&#xE9;rica y Asia :  </subfield>
    <subfield code="b">ideas para una historia misionera de los espacios coloniales </subfield>
    <subfield code="c">/ Elisabetta Corsi, coordinadora</subfield>
  </datafield>
  <datafield tag="250" ind1=" " ind2=" ">
    <subfield code="a">1a ed. </subfield>
  </datafield>
  <datafield tag="260" ind1=" " ind2=" ">
    <subfield code="a">M&#xE9;xico, D.F. :</subfield>
    <subfield code="b">El Colegio de M&#xE9;xico,</subfield>
    <subfield code="c">2008. </subfield>
  </datafield>
  <datafield tag="300" ind1=" " ind2=" ">
    <subfield code="a">309 p. :  </subfield>
    <subfield code="b">il. ; </subfield>
    <subfield code="c">23 cm. </subfield>
  </datafield>
  <datafield tag="650" ind1=" " ind2="7">
    <subfield code="2">LEMB</subfield>
    <subfield code="a">Iglesia cat&#xF3;lica </subfield>
    <subfield code="x">Historia </subfield>
    <subfield code="x">Misiones </subfield>
    <subfield code="z">Am&#xE9;rica </subfield>
  </datafield>
  <datafield tag="650" ind1=" " ind2="7">
    <subfield code="2">LEMB</subfield>
    <subfield code="a">Iglesia cat&#xF3;lica </subfield>
    <subfield code="x">Historia </subfield>
    <subfield code="x">Misiones </subfield>
    <subfield code="z">Asia</subfield>
  </datafield>
  <datafield tag="650" ind1=" " ind2="7">
    <subfield code="2">LEMB</subfield>
    <subfield code="a">Franciscanos </subfield>
    <subfield code="x">Historia </subfield>
    <subfield code="x">Misiones </subfield>
    <subfield code="y">Siglo XVI</subfield>
    <subfield code="z">M&#xE9;xico</subfield>
  </datafield>
  <datafield tag="650" ind1=" " ind2="7">
    <subfield code="2">LEMB</subfield>
    <subfield code="a">Jesuitas </subfield>
    <subfield code="x">Historia </subfield>
    <subfield code="x">Misiones </subfield>
    <subfield code="y">Siglo XVI</subfield>
    <subfield code="z">Asia</subfield>
  </datafield>
  <datafield tag="650" ind1=" " ind2="7">
    <subfield code="2">LEMB</subfield>
    <subfield code="a">Teantinos </subfield>
    <subfield code="x">Historia </subfield>
    <subfield code="x">Misiones </subfield>
    <subfield code="y">Siglo XVI</subfield>
    <subfield code="z">Asia</subfield>
  </datafield>
  <datafield tag="650" ind1=" " ind2="7">
    <subfield code="2">LEMB</subfield>
    <subfield code="a">Colonias</subfield>
    <subfield code="x">Historia </subfield>
    <subfield code="x">Aspectos religiosos</subfield>
    <subfield code="y">Siglo XVI</subfield>
    <subfield code="z">Am&#xE9;rica  </subfield>
  </datafield>
  <datafield tag="700" ind1="1" ind2=" ">
    <subfield code="a">Cors, Elisabetta, </subfield>
    <subfield code="e">coord.</subfield>
  </datafield>
  <datafield tag="942" ind1=" " ind2=" ">
    <subfield code="2">lcc</subfield>
    <subfield code="c">LIB</subfield>
  </datafield>
  <datafield tag="999" ind1=" " ind2=" ">
    <subfield code="c">134914</subfield>
    <subfield code="d">134914</subfield>
  </datafield>
  <datafield tag="952" ind1=" " ind2=" ">
    <subfield code="1">0</subfield>
    <subfield code="2">lcc</subfield>
    <subfield code="4">0</subfield>
    <subfield code="7">0</subfield>
    <subfield code="a">INV-033</subfield>
    <subfield code="b">INV-033</subfield>
    <subfield code="c">GENERAL</subfield>
    <subfield code="d">2017-06-20</subfield>
    <subfield code="f">1a ed.</subfield>
    <subfield code="i">H</subfield>
    <subfield code="k">EH</subfield>
    <subfield code="o">BV2185 O73 2008</subfield>
    <subfield code="p">IIH000016345</subfield>
    <subfield code="r">2017-06-20 00:00:00</subfield>
    <subfield code="t">C:1</subfield>
    <subfield code="y">LIB</subfield>
    <subfield code="z">GENERAL</subfield>
  </datafield>
</record>
